Správa o menovom vývoji v SR 1. štvrťroku 1993

Správa menového odboru Národnej banky Slovenska o menovom vývoji v SR 1. štvrťroku 1993. Stav peňažných zásob. Vývoj úverov a primárnych korunových vkladov v peňažných ústavoch. Peňažný a kapitálový trh. Prehľad kapitálových tokov so zahraničím. Menová politika NBS.

Na minha lista:
Detalhes bibliográficos
Formato: Capítulo de Livro
Idioma:eslovaco
Assuntos:
Tags: Adicionar Tag
Sem tags, seja o primeiro a adicionar uma tag!

MARC

LEADER 00000naa a2200000 4500
001 r000565
005 20221213122954.3
041 0 |a slo 
044 |a SK 
245 1 0 |a Správa o menovom vývoji v SR 1. štvrťroku 1993 
520 |a Správa menového odboru Národnej banky Slovenska o menovom vývoji v SR 1. štvrťroku 1993. Stav peňažných zásob. Vývoj úverov a primárnych korunových vkladov v peňažných ústavoch. Peňažný a kapitálový trh. Prehľad kapitálových tokov so zahraničím. Menová politika NBS. 
610 2 0 |a Slovensko 
610 2 0 |a NBS Bratislava 
610 2 0 |a banky emisné 
610 2 0 |a vývoj menový 
610 2 0 |a politika menová 
610 2 0 |a 1993 
610 2 0 |a január-marec